Városházából művelődési ház Restaurálják a régi szabadkai városházát

Elmentve itt :
Bibliográfiai részletek
Dokumentumtípus: Cikk
Megjelent: 1967-08-29
Sorozat:Délmagyarország 57 No. 203
Kulcsszavak:Városháza restaurálás Szabadka 1967, Épületfelújítás Szabadka városháza 1967, Testvérvárosi kapcsolat Szeged-Szabadka 1967, Szabadka
Online Access:http://dmarchiv.bibl.u-szeged.hu/71027
LEADER 00587nab a2200145 i 4500
001 delm71027
005 20180928082405.0
008 180928s1967 hu o 0|| hun d
040 |a SZTE Délmagyarország Archívum  |b hun 
041 |a hun 
245 0 0 |a Városházából művelődési ház   |h [elektronikus dokumentum] :  |b Restaurálják a régi szabadkai városházát 
260 |c 1967-08-29 
300 |a 5 
490 0 |a Délmagyarország  |v 57 No. 203 
695 |a Városháza restaurálás Szabadka 1967, Épületfelújítás Szabadka városháza 1967, Testvérvárosi kapcsolat Szeged-Szabadka 1967, Szabadka